Management (Record no. 11918)
[ view plain ]
| 000 -LEADER | |
|---|---|
| fixed length control field | 00463nam a22002057a 4500 |
| 003 - CONTROL NUMBER IDENTIFIER | |
| control field | OSt |
| 008 - FIXED-LENGTH DATA ELEMENTS--GENERAL INFORMATION | |
| fixed length control field | 230328b |||||||| |||| 00| 0 eng d |
| 020 ## - INTERNATIONAL STANDARD BOOK NUMBER | |
| International Standard Book Number | 9789356064911 |
| 082 ## - DEWEY DECIMAL CLASSIFICATION NUMBER | |
| Classification number | 658 |
| Item number | ROM |
| 100 ## - MAIN ENTRY--PERSONAL NAME | |
| Personal name | ROBBINS, Stephen P |
| 245 ## - TITLE STATEMENT | |
| Title | Management |
| 250 ## - EDITION STATEMENT | |
| Edition statement | 15th Ed |
| 260 ## - PUBLICATION, DISTRIBUTION, ETC. (IMPRINT) | |
| Place of publication, distribution, etc | UP |
| Name of publisher, distributor, etc | Pearson |
| Date of publication, distribution, etc | 2023 |
| 300 ## - PHYSICAL DESCRIPTION | |
| Extent | 658 |
| 650 ## - SUBJECT ADDED ENTRY--TOPICAL TERM | |
| Topical term or geographic name as entry element | Management |
| 700 ## - ADDED ENTRY--PERSONAL NAME | |
| Personal name | COULTER,Mary |
| 700 ## - ADDED ENTRY--PERSONAL NAME | |
| Personal name | RANDEL,Amy |
| 700 ## - ADDED ENTRY--PERSONAL NAME | |
| Personal name | VISWANATHAN,Rajeesh |
| 942 ## - ADDED ENTRY ELEMENTS (KOHA) | |
| Source of classification or shelving scheme | Dewey Decimal Classification |
| Koha item type | Reference Books |
| Withdrawn status | Lost status | Source of classification or shelving scheme | Damaged status | Not for loan | Collection code | Home library | Current library | Date acquired | Source of acquisition | Currency | Cost, normal purchase price | Bill Number | Total Checkouts | Full call number | Acc. no. / Barcode | Date last seen | Actual Cost, discounted price | Bill Date | Koha item type |
|---|---|---|---|---|---|---|---|---|---|---|---|---|---|---|---|---|---|---|---|
| Dewey Decimal Classification | MBA | PIET C-LIBRARY | PIET C-LIBRARY | 15/03/2023 | International Book Centre | In Rupees | 925.00 | IB/IN/1299 | 658 ROM | 34765 | 28/03/2023 | 647.50 | 15/03/2023 | Reference Books |